| 000 | 00776nam a2200217 a 4500 | ||
|---|---|---|---|
| 001 | 000010499 | ||
| 005 | 20240412074219.0 | ||
| 008 | 091007s1993 dr ac r 000 p spa d | ||
| 040 |
_aDO-SdBNP _bspa _cBNPHU |
||
| 082 |
_aRD861.44 _bM516n |
||
| 100 | 1 |
_aMejía, Manuel Antonio _925501 |
|
| 245 | 1 | 3 |
_aLa noche descalza : _b(poemas) / _cManuel Antonio Mejía; prólogo Juan Colón Castillo. |
| 260 |
_aSanto Domingo : _b[s.n.], _c1993. |
||
| 300 |
_a132 p. : _bil. ; retrs. ; _c22 cm. |
||
| 500 | _aLa biblioteca posee 1 ejemplar autografiado por el autor. | ||
| 590 | _aInventariado, 2018/BT | ||
| 650 | 0 |
_aPoesía dominicana _966 |
|
| 650 | 0 |
_aLiteratura dominicana. _967 |
|
| 700 | 1 |
_aColón Castillo, Juan, _epról. _924707 |
|
| 910 | _aValidado. Control de calidad. MMOLINA | ||
| 999 |
_c10258 _d10258 |
||